100 Biggest U.S. Cities - Statistics

General Stats
  • This quiz has been taken 48 times
  • The average score is 67 of 100
Answer Stats
State Pop. Answer % Correct
GA 499,127 Atlanta
97%
IL 2,665,039 Chicago
97%
TX 1,299,544 Dallas
97%
TX 2,302,878 Houston
97%
CA 3,822,238 Los Angeles
97%
AZ 1,644,409 Phoenix
97%
CA 808,437 San Francisco
97%
WA 749,256 Seattle
97%
CO 713,252 Denver
95%
FL 971,319 Jacksonville
95%
NV 656,274 Las Vegas
95%
MN 425,096 Minneapolis
95%
NY 8,335,897 New York
95%
CA 1,381,162 San Diego
95%
MI 620,376 Detroit
92%
IN 880,621 Indianapolis
92%
FL 449,514 Miami
92%
TN 683,622 Nashville
92%
OK 694,800 Oklahoma City
92%
TX 1,472,909 San Antonio
92%
DC 671,803 Washington
92%
TX 974,447 Austin
89%
MA 650,706 Boston
89%
PA 1,567,258 Philadelphia
89%
OR 635,067 Portland
89%
FL 398,173 Tampa
89%
MO 509,297 Kansas City
87%
LA 369,749 New Orleans
87%
CA 528,001 Sacramento
87%
MD 569,931 Baltimore
84%
NC 897,720 Charlotte
84%
OH 309,513 Cincinnati
84%
OH 361,607 Cleveland
84%
OH 907,971 Columbus
84%
FL 316,081 Orlando
84%
TX 677,456 El Paso
82%
WI 563,305 Milwaukee
82%
MO 286,578 St. Louis
82%
CO 486,248 Colorado Springs
79%
HI 343,421 Honolulu
79%
TN 621,055 Memphis
79%
CA 971,233 San Jose
79%
AZ 546,574 Tucson
79%
KY 624,444 Louisville
76%
NC 476,587 Raleigh
76%
NM 561,008 Albuquerque
74%
ID 236,634 Boise
74%
TX 956,709 Fort Worth
74%
NE 485,153 Omaha
74%
PA 302,898 Pittsburgh
74%
OK 411,867 Tulsa
74%
NV 273,448 Reno
68%
VA 229,395 Richmond
68%
MN 303,176 St. Paul
68%
NY 276,486 Buffalo
66%
NE 292,627 Lincoln
66%
WI 272,903 Madison
66%
VA 455,618 Virginia Beach
66%
KS 396,192 Wichita
66%
CA 430,553 Oakland
63%
CA 545,567 Fresno
61%
AZ 512,498 Mesa
61%
AK 287,145 Anchorage
58%
CA 410,647 Bakersfield
58%
NJ 305,344 Newark
58%
NJ 286,670 Jersey City
55%
CA 451,307 Long Beach
55%
WA 230,160 Spokane
53%
CA 344,461 Anaheim
50%
KY 320,347 Lexington
50%
TX 394,602 Arlington
47%
NV 331,415 Henderson
47%
CA 320,764 Riverside
47%
CO 393,537 Aurora
45%
TX 316,239 Corpus Christi
45%
IN 267,927 Fort Wayne
45%
NC 301,115 Greensboro
45%
CA 313,685 Irvine
45%
CA 321,819 Stockton
45%
FL 261,256 St. Petersburg
45%
OH 266,301 Toledo
45%
NV 280,543 North Las Vegas
42%
CA 308,189 Santa Ana
42%
NC 251,350 Winston-Salem
42%
TX 289,547 Plano
39%
NC 291,928 Durham
37%
AL 221,933 Huntsville
37%
TX 256,187 Laredo
37%
TX 263,930 Lubbock
37%
AZ 243,050 Scottsdale
37%
AZ 280,711 Chandler
34%
AZ 252,136 Glendale
34%
VA 232,995 Norfolk
34%
VA 252,488 Chesapeake
32%
CA 279,170 Chula Vista
32%
TX 254,715 Irving
29%
TX 240,854 Garland
26%
AZ 275,346 Gilbert
26%
CA 223,871 Fremont
24%
FL 231,790 Port St. Lucie
24%
No matching quizzes found
Score Distribution
Percent of People with Each Score
Percentile by Number Answered
Your Score History
You have not taken this quiz